00362nam a2200121Ia 4500008004100000082001500041100001900056245004700075260001600122300000800138630004700146730004700193100122s9999 xx 000 0 und d b62356a823 aSHELDON SIDNEY aMEMORIES OF MIDNIGHT (क.क्र.27/4 ) bINDUSc1993 a290 aMEMORIES OF MIDNIGHT (क.क्र.27/4 ) aMEMORIES OF MIDNIGHT (क.क्र.27/4 )